000 00561nam a22001937a 4500
003 OSt
005 20151111151725.0
008 151109b xxu||||| |||| 00| 0 eng d
020 _a1861660626
040 _cDLMN
082 _aWY100 A95 1997
_bWY100 A95 1997
100 _aEdited and introduced by Rose,Pat;Parker David.
_96053
245 _aAdvanced Nursing Practice.
260 _aLondon
_bGreenwich University Press.
_c1997.
300 _ax,451p;
_bill;
_c50cm
504 _aReferences are included.
650 _aNursing Practice.
_9705
942 _2ddc
_cSLOAN
999 _c2479
_d2479